[Ley no. 327-98] Ley no. 327-98 del 11 de agosto de 1998 y resolución que establece el reglamento de la carrera judicial (Registro nro. 146577)
[ vista simple ]
| 000 -LEADER | |
|---|---|
| fixed length control field | 00782cam a2200265 a 4500 |
| 001 - CONTROL NUMBER | |
| control field | 146577 |
| 003 - CONTROL NUMBER IDENTIFIER | |
| control field | OSt |
| 005 - DATE AND TIME OF LATEST TRANSACTION | |
| control field | 20180921 |
| 008 - FIXED-LENGTH DATA ELEMENTS--GENERAL INFORMATION | |
| fixed length control field | 000000 dr 0000000000 00 |
| 040 ## - CATALOGING SOURCE | |
| Original cataloging agency | DLC |
| Transcribing agency | DLC |
| 110 ## - ASIENTO PRINCIPAL -- NOMBRE CORPORATIVO | |
| Corporate name or jurisdiction name as entry element | República Dominicana |
| 245 ## - TÍTULO PROPIAMENTE DICHO: SUBTÍTULO | |
| Title | [Ley no. 327-98] Ley no. 327-98 del 11 de agosto de 1998 y resolución que establece el reglamento de la carrera judicial |
| 260 ## - PUBLICATION, DISTRIBUTION, ETC. | |
| Place of publication, distribution, etc. | Santo Domingo : |
| Name of publisher, distributor, etc. | [s. n.] |
| 300 ## - PHYSICAL DESCRIPTION | |
| Extensión | 104 p. |
| 650 ## - ASIENTO SECUNDARIO DE MATERIA -- TERMINO TEMÁTICO | |
| Termino Temático Como Elemento de Entrada | ADMINISTRACION DE JUSTICIA |
| -- | CARRERA JUDICIAL |
| -- | JUECES |
| 942 ## - ADDED ENTRY ELEMENTS (KOHA) | |
| Source of classification or shelving scheme | |
| Koha item type | Libros |
| Withdrawn status | Lost status | Source of classification or shelving scheme | Damaged status | Not for loan | Permanent Location | Current Location | Date acquired | Full call number | Koha item type |
|---|---|---|---|---|---|---|---|---|---|
| Biblioteca Central. Universidad Central del Este | Biblioteca Central. Universidad Central del Este | 2018-08-17 | RD 347.013 R426l | Libros | |||||
| Biblioteca Central. Universidad Central del Este | Biblioteca Central. Universidad Central del Este | 2018-08-17 | RD 347.013 R426l | Libros | |||||
| Biblioteca Central. Universidad Central del Este | Biblioteca Central. Universidad Central del Este | 2018-08-17 | RD 347.013 R426l | Libros |